Southville International School and Colleges
Your cart is empty.
  • Cart
  • Lists
    Public lists Eva Luna New books Lux_list list_1
    Your lists Log in to create your own lists
  • Log in to your account
  • Your cookies
  • Search history
Southville International School and Colleges
  • Advanced search
  • Recent comments
  • Most popular
  • Libraries

Log in to your account

Log in with GOOGLE


If you do not have an external account, but do have a local account, you can still log in:

  1. Home
  2. MARC view: The Encyclopedia of climatology /
Normal view MARC view ISBD view

The Encyclopedia of climatology / (Record no. 376)

[ view plain ]
MARC details
000 -LEADER
fixed length control field 01397pam a2200361 a 4500
001 - CONTROL NUMBER
control field 4296412
003 - CONTROL NUMBER IDENTIFIER
control field OSt
005 - DATE AND TIME OF LATEST TRANSACTION
control field 20140310181627.0
008 - FIXED-LENGTH DATA ELEMENTS--GENERAL INFORMATION
fixed length control field 860508s1987 nyua bd 001 0 eng
010 ## - LIBRARY OF CONGRESS CONTROL NUMBER
LC control number 86011173
020 ## - INTERNATIONAL STANDARD BOOK NUMBER
International Standard Book Number 0879330090
040 ## - CATALOGING SOURCE
Original cataloging agency DLC
Transcribing agency DLC
Modifying agency DLC
050 00 - LIBRARY OF CONGRESS CALL NUMBER
Classification number QC 854
Item number .En56 1987
082 00 - DEWEY DECIMAL CLASSIFICATION NUMBER
Classification number REF 551.50321
-- 19
Item number En19 1987
245 04 - TITLE STATEMENT
Title The Encyclopedia of climatology /
Statement of responsibility, etc edited by John E. Oliver, Rhodes W. Fairbridge.
260 ## - PUBLICATION, DISTRIBUTION, ETC. (IMPRINT)
Place of publication, distribution, etc New York :
Name of publisher, distributor, etc Van Nostrand Reinhold,
Date of publication, distribution, etc c1987.
300 ## - PHYSICAL DESCRIPTION
Extent xvi, 986 p. :
Other physical details ill. ;
Dimensions 27 cm.
440 #0 - SERIES STATEMENT/ADDED ENTRY--TITLE
Title Encyclopedia of earth sciences ;
Volume number/sequential designation v. 11
500 ## - GENERAL NOTE
General note Includes bibliographies and index
520 ## - SUMMARY, ETC.
Summary, etc 1. Meteorology--Dictionaries 2. Climatology--Dictionaries
521 ## - TARGET AUDIENCE NOTE
Target audience note
541 ## - IMMEDIATE SOURCE OF ACQUISITION NOTE
-- 1
562 ## - COPY AND VERSION IDENTIFICATION NOTE
Number of copies 1
650 #0 - SUBJECT ADDED ENTRY--TOPICAL TERM
Topical term or geographic name as entry element Meteorology
General subdivision Dictionaries.
650 #0 - SUBJECT ADDED ENTRY--TOPICAL TERM
Topical term or geographic name as entry element Climatology
General subdivision Dictionaries.
700 1# - ADDED ENTRY--PERSONAL NAME
Personal name Oliver, John E.
700 1# - ADDED ENTRY--PERSONAL NAME
Personal name Fairbridge, Rhodes W.
Fuller form of name (Rhodes Whitmore),
Dates associated with a name 1914-2006.
856 42 - ELECTRONIC LOCATION AND ACCESS
Materials specified Contributor biographical information
Uniform Resource Identifier <a href="http://www.loc.gov/catdir/enhancements/fy0820/86011173-b.html">http://www.loc.gov/catdir/enhancements/fy0820/86011173-b.html</a>
856 42 - ELECTRONIC LOCATION AND ACCESS
Materials specified Publisher description
Uniform Resource Identifier <a href="http://www.loc.gov/catdir/enhancements/fy0820/86011173-d.html">http://www.loc.gov/catdir/enhancements/fy0820/86011173-d.html</a>
856 41 - ELECTRONIC LOCATION AND ACCESS
Materials specified Table of contents only
Uniform Resource Identifier <a href="http://www.loc.gov/catdir/enhancements/fy0820/86011173-t.html">http://www.loc.gov/catdir/enhancements/fy0820/86011173-t.html</a>
906 ## - LOCAL DATA ELEMENT F, LDF (RLIN)
a 7
b cbc
c orignew
d 1
e ocip
f 19
g y-gencatlg
942 ## - ADDED ENTRY ELEMENTS (KOHA)
Source of classification or shelving scheme Library of Congress Classification
Koha item type
Call number prefix
Holdings
Withdrawn status Lost status Source of classification or shelving scheme Damaged status Home library Current library Shelving location Date acquired Total Checkouts Full call number Barcode Date last seen Copy number Price effective from Koha item type
    Library of Congress Classification   Luxembourg Library Luxembourg Library Reference Section 02/17/2012   QC 854 .En56 1987 2473 08/13/2013 1 10/03/2013 Books

The Encyclopedia of climatology /

APA

Oliver J. E., Fairbridge R. W., . (1987). The Encyclopedia of climatology. New York: Van Nostrand Reinhold.

Chicago

Oliver John E, Fairbridge Rhodes W, . 1987. The Encyclopedia of climatology. New York: Van Nostrand Reinhold.

Harvard

Oliver J. E., Fairbridge R. W., . (1987). The Encyclopedia of climatology. New York: Van Nostrand Reinhold.

MLA

Oliver John E, Fairbridge Rhodes W, . The Encyclopedia of climatology. New York: Van Nostrand Reinhold. 1987.

  • Place hold
  • Print
  • Cite
  • Add to your cart (remove)
  • Save record
    BIBTEX Dublin Core MARCXML MARC (non-Unicode/MARC-8) MARC (Unicode/UTF-8) MARC (Unicode/UTF-8, Standard) MODS (XML) RIS
  • More searches
    Search for this title in:
    Other Libraries (WorldCat) Other Databases (Google Scholar) Online Stores (Bookfinder.com) Open Library (openlibrary.org)

Exporting to Dublin Core...

SOUTHVILLE LIBRARY

Southville International School and Colleges Library

1281 Tropical Ave. Cor. Luxembourg St., BF Homes International, Las Pinas City

Tel. No. 8256374 / 252358 Loc. 117/146

Powered by Koha